000 01129nam a22002777a 4500
003 dpl
005 20180915152617.0
008 180915b xxu||||| |||| 00| 0 eng d
010 _aA-994822
020 _c100.00
_a8121405300
035 _aA-994822, A-994847
037 _bCen Lib/Ret
040 _aDPL
_bHN
_c0
082 _a
_bमज़ल
100 _aमज़लदान, इंदु
_952495
245 _aवित्त मंत्री का नाश्ता /
_cइंदु मज़लदान
246 _aVitt mantri naashta /
_bby Indu Mazaldaan
260 _a नयी दिल्ली
_bनेशनल पब्लिशिंग हाउस
_c2000
270 _bनयी दिल्ली
_a2/35, अंसारी रोड, दरयागंज
_e110002
300 _axi,117पृ.
_c19सेमी(सजिल्द )
650 _aहिंदी साहित्य
_x
_z
_952496
650 _aहिंदी कहानियां
_92082
650 _aHindi literature
_v
_952497
650 _aHindi stories
_952498
942 _2ddc
_cHN
_h
_mमज़ल
999 _c113492
_d113492